00611nam a2200169Ia 4500952014000000999001700140003000400157005001700161008004100178040000900219082002200228100002800250245005800278260004600336300000900382942005000391 00102ddc40708TOURISMaMESbMEScTOURISM d2019-02-20g595.00l0o338.479154 SIN/Ip22331r2019-02-20 00:00:00w2019-02-20yBKzU2R2 c37270d37270OSt20201013155326.0190216s9999||||xx |||||||||||||| ||und|| coclc a338.479154bSIN/I aSingh, Ratandeep 95597 0aInfrastructure Of Tourism In India /cRatandeep Singh bKanishka Publications,c1996.aNew Delhi: a414p cBK2ddch338.479154iSIN/Ik338.479154mSIN/I